000 00561nam a2200241 a 4500
001 nice12345678
003 IN_TiNIC
005 20260116011345.0
008 050524s1921 lona grp 000 0 eng
020 _a
_c100
082 0 0 _a297.122521
_bROD
100 _aRodwell, J M
245 _aKoran
260 _aLondon
_bJ. M. Dent & Sons Ltd
_c1921
300 _a556p
500 _aincludes index and biblioraphy
505 2 _aIndex
650 _aQuran-Translation-English
700 1 _aRodwell, J M
902 _bSRS
942 _cBK
999 _c811
_d811